000 00703nam a22002177a 4500
003 UA-OsUOA
001 132144
007 ta
008 20180710b un ||||| |||| 00| 0 ukr d
100 _aТуровська Л.
090 _a81
_bТ88
942 _cSA
040 _aUA-OsUOA
_bukr
_cUA-OsUOA
_dUA-OsUOA
245 _aУкраїнське термінознавство ХХІ ст.: основні напрямки досліджень
300 _aС.57-64
955 _a0
041 _aukr
080 _a81
773 0 _w132140
_tУкраїнська мова
_dК.
_d2018
_g1
650 7 _a8 Мовознавство. Художня література. Літературознавство
_2UDC
999 _c420655
_d420655